000 00597na a2200229 4500
001 18884
003 MIRAKIL
005 20181213154948.0
008 161204b tu 000 0
020 _a9789944936231
035 _a18884
040 _aMilas
_btur
_cTR-AnCHP
041 _atur
082 _a352.0561
_bB27k 2008
090 _a352.0561 B27k 2008
100 _aBaşaran, İsmail.
245 _aKent ve yerel yönetim
_cİsmail Başaran
260 _aİstanbul
_bOkutan Yayınları
_c2008
300 _a95 s.
_c21 sm.
650 _aYerel yönetimler
_zTürkiye
942 _2ddc
_cBKS
999 _c3933
_d3933